Political activities of civil servants (Record no. 500101)

000 -LEADER
fixed length control field 00280cam a22000977a 4500
008 - FIXED-LENGTH DATA ELEMENTS--GENERAL INFORMATION
fixed length control field 180718b1953 xxu||||| |||| 00| 0 eng d
082 ## - DEWEY DECIMAL CLASSIFICATION NUMBER
Classification number K62x42 Un3/1953
245 ## - TITLE STATEMENT
Title Political activities of civil servants
260 ## - PUBLICATION, DISTRIBUTION, ETC.
Place of publication, distribution, etc. London
Name of publisher, distributor, etc. Her Majesty's Stationery Office
Date of publication, distribution, etc. 1953
300 ## - PHYSICAL DESCRIPTION
Extent 15+p.
Holdings
Withdrawn status Lost status Damaged status Not for loan Permanent Location Current Location Date acquired Full call number Barcode Date last seen Price effective from Koha item type
        Indian Institute of Public Administration Indian Institute of Public Administration 2018-08-04 K62x42 Un3/1953 G5893 2018-08-04 2018-08-04 G

Powered by Koha